Norwich City (1985) League Cup Winners XI - Statistics

General Stats
  • This quiz has been taken 4 times
  • The average score is 7 of 13
Answer Stats
Answer % Correct
Steve Bruce
100%
Dave Watson
75%
Mick Channon
75%
Asa Hartford
50%
Chris Woods
50%
Dennis van Wijk
50%
John Deehan
50%
Ken Brown
50%
Louie Donowa
50%
Mark Barham
50%
Paul Haylock
50%
Peter Mendham
50%
John Devine
25%
No matching quizzes found
Score Distribution
Percent of People with Each Score
Percentile by Number Answered
Your Score History
You have not taken this quiz